Sí... ¡Colón español : (Record no. 130622)
[ view plain ]
| 000 -LEADER | |
|---|---|
| campo de control de longitud fija | 00803nam a2200193 i 4500 |
| 001 - NÚMERO DE CONTROL | |
| campo de control | 130622 |
| 003 - IDENTIFICADOR DE NÚMERO DE CONTROL | |
| campo de control | ES-MaACL |
| 005 - FECHA Y HORA DE LA ÚLTIMA TRANSACCIÓN | |
| campo de control | 20230906193807.0 |
| 007 - CAMPO FIJO DE DESCRIPCIÓN FÍSICA--INFORMACIÓN GENERAL | |
| campo de control de longitud fija | t| |
| 008 - DATOS DE LONGITUD FIJA--INFORMACIÓN GENERAL | |
| campo de control de longitud fija | 070802s1924 sp ||||1| spa d |
| 100 1# - ENTRADA PRINCIPAL--NOMBRE DE PERSONA | |
| Nombre de persona | Zas, Enrique. |
| 9 (RLIN) | 118096 |
| 245 10 - MENCIÓN DEL TÍTULO | |
| Título | Sí... ¡Colón español : |
| Resto del título | refutación al folleto ¿Colón español?, publicado por don Ángel Altolaguirre y Duvale ... : colección de artículos publicados en "Diario Español" de La Habana / |
| Mención de responsabilidad, etc. | Enrique Zas. |
| 260 ## - PUBLICACIÓN, DISTRIBUCIÓN, ETC. | |
| Lugar de publicación, distribución, etc. | Habana : |
| Nombre del editor, distribuidor, etc. | [s.n.], |
| Fecha de publicación, distribución, etc. | 1924 ( |
| Fabricante | Imprenta y Papelería de Rambla, Bouza y Ca) |
| 300 ## - DESCRIPCIÓN FÍSICA | |
| Extensión | 122 p. ; |
| Dimensiones | 21 cm. |
| 600 14 - PUNTO DE ACCESO ADICIONAL DE MATERIA--NOMBRE DE PERSONA | |
| Nombre de persona | Colón, Cristóbal- |
| Subdivisión general | Lugar de nacimiento. |
| 9 (RLIN) | 164774 |
| 700 1# - ENTRADA AGREGADA--NOMBRE PERSONAL | |
| Nombre de persona | Altolaguirre y Duvale, Ángel de, |
| Fechas asociadas al nombre | 1857-1939 |
| 9 (RLIN) | 20559 |
| 852 ## - LOCALIZACIÓN | |
| Ubicación | ES-MaACL |
| Número de control de estantería | 1674-F-5 |
| Sublocalización o colección | R.4556 |
| Estatus retirado | Estado de pérdida | Estado de daño | No para préstamo | Colección | Biblioteca de origen | Biblioteca actual | Ubicación en estantería | Fecha de adquisición | Fuente de adquisición | Total de préstamos | Signatura topográfica completa | Código de barras | Visto por última vez | Precio de reemplazo | Tipo de ítem Koha |
|---|---|---|---|---|---|---|---|---|---|---|---|---|---|---|---|
| Colección de folletos | Biblioteca del Ateneo de Madrid | Biblioteca del Ateneo de Madrid | Depósito folletos | 17/01/2008 | 1674-F-5 | 1136000 | 23/02/2023 | 23/02/2023 | Folleto |
